00483pab a2200157 454500008004000000100001900040245004500059260000900104300001500113362001100128650002000139773003400159909001000193999001700203952010500220180718b1997 xxu||||| |||| 00| 0 eng d aD'Souza, Errol aHow did the reforms given acceptability? c1997 ap.1888-889 a26 Jul aEconomic reform aEconomic and Political Weekly a35131 c35131d35131 00104070aIIPAbIIPAd2018-07-19hVolume no: 32, Issue no: 30pAR35372r2018-07-19w2018-07-19yAR